000 00770nam a2200181Ia 4500
008 100917s9999 xx 000 0 und d
082 _b31557
100 _aमंगळवेढेकर राजा
245 _aहा शोध भारताचा (इतिहासाच्या प्रभात काली)
260 _bअनिरूध्द साहित्य
_c1977
300 _a63
365 _b4
520 _aबालविभाग
630 _aहा शोध भारताचा (इतिहासाच्या प्रभात काली)
650 _aबालविभाग
730 _aहा शोध भारताचा (इतिहासाच्या प्रभात काली)
942 _cBOOK
999 _c636951
_d636948